Najdłuższe nazwy państw - Statystyki

Ogólne statystyki
  • Ten quiz został rozwiązany 78 razy
  • Średni wynik to 14 z 19
Statystyki odpowiedzi
Liczba liter Kontynent Państwo % Poprawnych
26 Afryka Republika Południowej Afryki
98%
27 Afryka Republika Środkowoafrykańska
92%
27 Afryka Demokratyczna Republika Konga
91%
16 Ameryka Północna Stany Zjednoczone
89%
17 Europa Macedonia Północna
80%
26 Azja Zjednoczone Emiraty Arabskie
78%
27 Afryka Republika Zielonego Przylądka
77%
15 Azja Arabia Saudyjska
72%
18 Europa Bośnia i Hercegowina
72%
16 Ameryka Północna Saint Kitts i Nevis
72%
15 Ameryka Północna Trynidad i Tobago
72%
15 Oceania Papua Nowa Gwinea
71%
15 Ameryka Północna Antigua i Barbuda
69%
15 Azja Korea Południowa
69%
22 Ameryka Północna Saint Vincent i Grenadyny
69%
15 Afryka Sudan Południowy
68%
29 Afryka Wyspy Świętego Tomasza i Książęca
66%
22 Afryka Wybrzeże Kości Słoniowej
60%
15 Afryka Gwinea Równikowa
52%
Nie znaleziono quizów pasujących do podanych kryteriów
Rozkład punktacji
Procent ludzi z każdym wynikiem
Percentyl według liczby udzielonych odpowiedzi
Twoja historia wyników
Nie rozwiązałeś tego quizu